000 00487 a2200181 4500
003 Nust
005 20170207153446.0
010 _a 75031921
020 _a0135626293
040 _cNust
082 0 0 _a510.2462138
100 1 _aThomson, Charles M.
245 1 0 _aMathematics for electronics /
_cCharles M. Thomson.
260 _aEnglewood Cliffs, N.J. :
_bPrentice-Hall,
_c1976.
300 _axx, 634 p. :
_bill. ;
_c24 cm.
500 _aIncludes index.
650 0 _aElectronics
_xMathematics.
942 _2ddc
_cBK
999 _c186635
_d186635